Systematic approach to infrastructure development for industrial innovations in a certain region
Dôležitosť priemyselných inovácií pre dlhodobý hospodársky rozvoj a konkurencieschopnosť podnikov, regiónu a štátov. Ide predovšetkým o vonkajšie prostredie pozostávajúce z politických, ekonomických, sociálnych, technologických a ekologických faktorov, ktoré majú nevyhnutný vplyv na úspech priemysel...
Enregistré dans:
| Auteur principal: | |
|---|---|
| Format: | Chapitre de livre |
| Langue: | anglais |
| Sujets: | |
| Tags: |
Pas de tags, Soyez le premier à ajouter un tag!
|
MARC
| LEADER | 00000naa a2200000 4500 | ||
|---|---|---|---|
| 001 | 0229820 | ||
| 005 | 20220718121544.5 | ||
| 041 | 0 | |a eng | |
| 044 | |a SK | ||
| 245 | 1 | 0 | |a Systematic approach to infrastructure development for industrial innovations in a certain region |c Jana Kadlubcová |
| 520 | |a Dôležitosť priemyselných inovácií pre dlhodobý hospodársky rozvoj a konkurencieschopnosť podnikov, regiónu a štátov. Ide predovšetkým o vonkajšie prostredie pozostávajúce z politických, ekonomických, sociálnych, technologických a ekologických faktorov, ktoré majú nevyhnutný vplyv na úspech priemyselných inovácií a celosvetovú konkurencieschopnosť. | ||
| 610 | 2 | 0 | |a inovácia |
| 610 | 2 | 0 | |a priemysel |
| 610 | 2 | 0 | |a technológie nové |
| 610 | 2 | 0 | |a infraštruktúra |
| 610 | 2 | 0 | |a stratégia inovačná |
| 610 | 2 | 0 | |a konkurencieschopnosť |
| 610 | 2 | 0 | |a efektívnosť inovácií |
| 100 | 1 | |a Kadlubcová, Jana | |